LEADER 00988nam1 2200361 450 001 990003088800203316 005 20080328151046.0 035 $a000308880 035 $aUSA01000308880 035 $a(ALEPH)000308880USA01 035 $a000308880 100 $a20080328d1984----km-y0itay50------ba 101 $aita 102 $aIT 105 $a||||||||001yy 200 1 $aNovecento americano$fopera diretta da Elémire Zolla 210 $aRoma$cLucarini$dcopyr. 1984- 215 $a3 v.$d25 cm 225 2 $aI Contemporanei 410 0$12001 454 1$12001$aNovecento americano$959954 461 1$1001-------$12001 606 0 $aLetteratura americana$xCritica letteraria$xStoria$zsec. 20 676 $a810.9 702 1$aZOLLA$bElémire 801 0$aIT$bsalbc$gISBD 912 $a990003088800203316 951 $aII.8.B.155$bDSLL 959 $aBK 969 $aDSLL 979 $aDSLL$b90$c20080328$lUSA01$h1510 996 $aNovecento americano$959954 997 $aUNISA LEADER 00866nam0-22003011i-450- 001 990006107490403321 005 19980601 035 $a000610749 035 $aFED01000610749 035 $a(Aleph)000610749FED01 035 $a000610749 100 $a19980601f????----km-y0itay50------ba 105 $a--------00-yy 200 1 $aSesso e carattere$fOtto Weininger ; con introduzione e traduzione di Giulio Fenoglio. 210 $aTorino$cBocca$ds.d. 215 $aXV,, 331 p.$d24 cm 225 1 $aBiblioteca di scienze moderne$v59 676 $a155.3 700 1$aWeininger,$bOtto$f<1880-1903>$0200298 702 1$aFenoglio,$bGiulio 801 0$aIT$bUNINA$gRICA$2UNIMARC 901 $aBK 912 $a990006107490403321 952 $aCOLL. 74 (59)$b17757$fFGBC 959 $aFGBC 996 $aGeschlecht und charakter$939716 997 $aUNINA DB $aGIU01